00791nam a2200193 a 450000100100000000500170001000800410002702000150006804000250008308200150010810000380012324500460016126000370020730000360024450000760028050001110035695201130046799900170058000004555920201002052320.0150415s2005 dr ac 000 0 spa d a9945856308 aDO-SdBNPbspacBNPHU axxxxbxxxx1 aMarte Reyes, Pablo,d1973-97361910aDesafío bíblico /cPablo Marte Reyes. aSanto Domingo :bEmanuel,c2005. a128 p. :bil., retrs. ;c21 cm. aIncluye datos biográficos del autor en la solapa de la contracubierta aLa ignorancia es un reto que te ha declarado la guerra, usa el desafío bíblico y ¡No te dejes vencer! 0010718PDaPDbPDcCTd2015-04-15iLF1l0oxxxx xxxxp45559-10r2020-06-25w2020-06-25yLFPDZNo se presta c45048d45048